|
|
|
|
| LEADER |
01556nam a2200397 a 4500 |
| 001 |
001164454 |
| 003 |
CZ BrMZK |
| 005 |
20110912143747.0 |
| 007 |
ta |
| 008 |
110819s2009 pl acfhg 001 p pol |
| 020 |
|
|
|a 978-83-232-2068-8
|q (váz.)
|
| 040 |
|
|
|a BOA001
|b cze
|
| 072 |
|
7 |
|a 821.162.1
|x Polská literatura
|2 Konspekt
|9 25
|
| 080 |
|
|
|a 821.162.1-1
|2 MRF
|
| 080 |
|
|
|a (0:82-1)
|2 MRF
|
| 080 |
|
|
|a (082.21)
|2 MRF
|
| 080 |
|
|
|a (0.072)
|2 MRF
|
| 100 |
1 |
|
|a Słowacki, Juliusz,
|d 1809-1849
|7 jn19990008026
|4 aut
|
| 245 |
1 |
0 |
|a Poematy.
|n Tom I,
|p Poematy z lat 1828-1839 /
|c Juliusz Słowacki ; opracowali Jacek Brzozowski i Zbygniew Przychodniak
|
| 246 |
3 |
0 |
|a Poematy z lat 1828-1839
|
| 250 |
|
|
|a Nowe wyd. krytyczne
|
| 260 |
|
|
|a Poznań :
|b Wydawnictwo Naukowe UAM,
|c 2009
|
| 300 |
|
|
|a xxxiv, 846 s., 6 s. příl. :
|b il., 1 portrét, faksim. ;
|c 25 cm
|
| 500 |
|
|
|a V prelimináriích: Uniwersytet im. Adama Mickiewicza w Poznaniu
|
| 500 |
|
|
|a 1000 výt.
|
| 504 |
|
|
|a Obsahuje bibliografické odkazy a rejstřík
|
| 655 |
|
7 |
|a polská poezie
|7 fd133080
|2 czenas
|
| 655 |
|
7 |
|a výbory
|7 fd133853
|2 czenas
|
| 655 |
|
7 |
|a komentovaná vydání
|7 fd132577
|2 czenas
|
| 700 |
1 |
|
|a Brzozowski, Jacek,
|d 1951-
|7 mzk2008472985
|4 cwt
|
| 700 |
1 |
|
|a Przychodniak, Zbigniew,
|d 1954-
|7 ola2007364373
|4 cwt
|
| 710 |
2 |
|
|a Uniwersytet im. Adama Mickiewicza w Poznaniu
|7 kn20010710054
|
| 910 |
2 |
|
|a BOA001
|b M2-1270.540,1
|
| 990 |
|
|
|a BK
|
| 991 |
|
|
|b 201109
|e b
|
| 996 |
7 |
|
|b 2610486844
|c M2-1270.540,1
|l MZK
|r Sklad / do 24 hodin
|n 0
|p vým.
|w 001197985
|u 000010
|a 1
|e BOA001
|j MZK50
|s A
|